| 000 | 00874nam a2200229 a 4500 | ||
|---|---|---|---|
| 001 | 47394 | ||
| 003 | BD-RjUL | ||
| 005 | 20211209054315.0 | ||
| 008 | 190420s1965 pk ||||| |||| 00| 0 ben d | ||
| 035 | _a(BD-RjUL)47513 | ||
| 040 |
_aBD-RjUL _beng _cBD-RjUL _dBD-RjUL |
||
| 041 | _aeng | ||
| 082 |
_223 _a327.549 _bBHE 1965 |
||
| 100 | 1 |
_aBhutto, Zulfikar Ali _9230906 |
|
| 245 | 1 | 0 |
_aSpeeches delivered by Zulfikar Ali Bhutto, Foreign Minister of Pakistan before the United Nations , September 22- October 25, 1965 / _cZulfikar Ali Bhutto ; Pakistan. Ministry of Foreign Affairs |
| 260 |
_aKarachi : _bMinistry of Foreign Affairs, _c1965 |
||
| 300 |
_a77 p. : _c22 cm. _bill ; |
||
| 650 |
_aPakistan _xForeign relations _9230907 |
||
| 650 |
_aPakistan _xPolitics and government _9230908 |
||
| 700 |
_aPakistan. Ministry of Foreign Affairs _9230909 |
||
| 942 |
_2ddc _cRAR |
||
| 999 |
_c47394 _d47394 |
||